000
00333nam a2200157Ia 4500
100
_a
Seborg/ Dale E
250
_a
3
942
_c
BK
654
_a
Process
245
_a
Process Dynamics & Control
260
_b
John Wiley
_a
New Delhi
_c
1989
082
_a
660.2815
_b
SEB/ED
300
_a
717
546
_a
ENGLISH
999
_c
30974
_d
30974